00379nam a2200133Ia 450000500170000000800410001702000150005808200130007310000190008624500180010526000480012330000130017150000610018420250430044617.0240331s9999 xx 000 0 und d a9559584405 bKARa891 aKarunarathne,K 0aHiru uda weyi aColombobDayawansa Jayakody & Co. Ltdc1995 a364 p ., aThe Translation of Ernest Hemingway's The sun also rises